Top 100 baby girl names in Sweden 2001 - Statistics

General Stats
  • This quiz has been taken 388 times
  • The average score is 27 of 100
Answer Stats
Hint Answer % Correct
24 Anna
86%
46 Lina
82%
2 Emma
73%
3 Hanna
65%
69 Maria
62%
13 Sara
60%
19 Sofia
59%
36 Ella
58%
25 Ellen
58%
22 Alice
55%
33 Olivia
52%
40 Elsa
51%
16 Emilia
51%
7 Amanda
49%
30 Lisa
48%
1 Julia
46%
47 Isabella
45%
4 Elin
44%
10 Maja
42%
41 Alma
39%
53 Alicia
38%
93 Jessica
38%
49 Victoria
38%
26 Isabelle
36%
65 Sofie
36%
48 Nora
35%
88 Astrid
33%
6 Ida
33%
18 Johanna
33%
11 Klara
33%
31 Linn
33%
32 Frida
32%
44 Sandra
32%
37 Jennifer
31%
91 Karin
31%
45 Alexandra
29%
92 Linda
29%
17 Alva
28%
28 Lovisa
28%
9 Matilda
28%
5 Wilma
28%
15 Ebba
27%
66 Jenny
25%
56 Malin
25%
67 Annie
24%
20 Emelie
24%
8 Linnea
24%
27 Rebecca
23%
77 Erika
22%
12 Moa
22%
50 Louise
21%
75 Molly
20%
23 Tilda
20%
34 Agnes
19%
39 Filippa
19%
51 Nellie
19%
52 Thea
19%
55 Tuva
19%
58 Emmy
18%
14 Felicia
18%
29 Tilde
18%
83 Carolina
17%
74 Caroline
17%
87 Hilda
17%
43 Saga
17%
60 Sanna
17%
82 Vera
17%
84 Nicole
16%
61 Tova
16%
85 Andrea
15%
80 Elina
15%
64 Elvira
15%
38 Kajsa
15%
63 Madeleine
15%
73 Stina
15%
21 Josefine
14%
98 Melissa
14%
68 Mikaela
14%
72 My
14%
78 Ellinor
13%
42 Fanny
13%
62 Tove
13%
97 Gabriella
12%
71 Selma
12%
94 Tyra
12%
57 Jasmine
11%
100 Signe
11%
95 Therese
11%
79 Tindra
11%
54 Evelina
10%
76 Jonna
10%
90 Miranda
10%
89 Vendela
10%
59 Cornelia
9%
86 Michelle
9%
35 Nathalie
8%
70 Ronja
8%
99 Angelica
5%
96 Cassandra
5%
81 Cecilia
5%
No matching quizzes found
Score Distribution
Percent of People with Each Score
Percentile by Number Answered
Your Score History
You have not taken this quiz